LEADER 01003nam0 2200289 450 001 000025298 005 20090409103350.0 010 $a3-476-10203-3 100 $a20090409d1982----km-y0itaa50------ba 101 0 $ager 102 $aDE 200 1 $aGeorg Heym$fHermann Korte 210 $aStuttgart$cMetzlersche Verlagsbuchhandlung$dc1982 215 $aXII, 97 p.$d19 cm 225 2 $aSammlung Metzler. Realien zur Literatur$v203 410 0$12001$aSammlung Metzler. Realien zur Literatur$v203 600 1$aHeym,$bGeorg 676 $a831.912$v(21. ed.)$9Poesia tedesca. 1900-1945 700 1$aKorte,$bHermann$0324051 801 0$aIT$bUniversità della Basilicata - B.I.A.$gRICA$2unimarc 912 $a000025298 996 $aGeorg Heym$989531 997 $aUNIBAS BAS $aLETTERE CAT $aEXT10$b01$c20090409$lBAS01$h1033 FMT Z30 -1$lBAS01$LBAS01$mBOOK$1BASA1$APolo Storico-Umanistico$2FMAS$BFondo Masini$3FMas/817/2080$6817/2080$5B817/2080$820090409$f04$FPrestabile Didattica